000 01533cad a22002295a 4500
001 L148855
008 091117e20091112xxk f lf000 0 eng d
035 _a(Sirsi) u148855
041 0 _aeng
050 0 4 _a333.9164 $2 18
110 2 _aUnited Kingdom
_kLaws, etc
_95044
245 0 0 _aMarine and Coastal Access Act 2009
_h[electronic resource]
260 _aLondon
_bOPSI
_c2009
505 2 _aThe Marine management organisation -- Exclusive Economic zone, UK marine area and Welsh zone -- Marine planning -- Marine licensing -- Nature conservation -- Management of inshore fisheries -- Fisheries -- Enforcement -- Coastal access -- Miscellaneous -- Supplementary provisions
520 _aMakes provision in relation to: marine functions and activities; migratory and freshwater fish; an English coastal walking route and rights of access to land near the English coast; the making of Assembly Measures for Welsh coastal routes for recreational journeys and rights of access near the Welsh coast; Natural England and the Country side Council for Wales; works detrimental to navigation; amending the Harbours Act 1964; and related purposes.
521 _aAdvanced
651 4 _aUnited Kingdom
_y
690 _aPROPERTY-RURAL AND NATURAL ASSETS-MARINE RESOURCES-MARINE RESOURCE MANAGEMENT
690 _aPROPERTY-RURAL AND NATURAL ASSETS-RURAL AND NATURAL ASSET MANAGEMENT-COASTAL MANAGEMENT
856 4 0 _uhttps://www.opsi.gov.uk/acts/acts2009/ukpga_20090023_en_1
_zView the Act free of charge at www.opsi.gov.uk...
942 _n0
999 _c110265
_d110265